Εισαγωγή στη θεωρία και την πρακτική των εκλογικών συστημάτων

Saved in:
Bibliographic Details
Main Author: Νικολακόπουλος, Ηλίας Κων. 1947-
Format: Book
Language:Greek
Published: Αθήνα : Αντ. Ν. Σάκκουλα, 1989
Subjects:
Tags: Add Tag
No Tags, Be the first to tag this record!

MARC

LEADER 00000nam a2200000 i 4500
001 1/96812
008 950118s1989 gre d
035 |l 10010323 
040 |a GR-MY-UA  |b gre  |e aacr 
041 0 |a gre 
082 0 |a 324.63 
100 1 |a Νικολακόπουλος, Ηλίας Κων.  |d 1947- 
245 1 0 |a Εισαγωγή στη θεωρία και την πρακτική των εκλογικών συστημάτων /  |c Ηλίας Νικολακόπουλος 
260 |a Αθήνα :   |b Αντ. Ν. Σάκκουλα,   |c 1989 
300 |a 114 σ. 
504 |a Βιβλιογραφία: σ.109-114 
650 0 0 |a Electoral college. 
650 0 0 |a Elections. 
852 |a INST  |b LESVOS  |e 19950118  |h 324.63 ΝΙΚ  |p 005100003212  |q 005100003212  |t BK  |y 0 
909 |a Λ  |b 025080